000 00226nam a2200097Ia 4500
005 20251222114405.0
008 251222s1900||||xx |||||||||||||| ||spa||
082 _aDVD0010/M65/2006
245 0 _aMisión: imposible 3:
942 _cDVD
999 _c1816
_d1816